| 000 | 00357nam a2200133Ia 4500 | ||
|---|---|---|---|
| 008 | 191201s2002 xx 000 0 und d | ||
| 100 | _aRAI, Inderpal | ||
| 245 | 0 | _aTextile Industry Problems and Prospects in the 21st Century | |
| 250 | _a1st | ||
| 260 |
_aN.Delhi _bBook Treasure, Jodhpur _c2002 |
||
| 300 | _a177 | ||
| 650 | _aB.Tech(TE) | ||
| 942 |
_2ddc _cBK |
||
| 999 |
_c2516 _d2516 |
||